South America - All Countries - Statistics

General Stats
  • This quiz has been taken 23 times
  • The average score is 12 of 13
Answer Stats
Hint Answer % Correct
A Argentina
100%
B Bolivia
100%
B Brazil
100%
C Columbia
100%
E Ecuador
100%
G Guyana
100%
P Paraguay
100%
P Peru
100%
U Uruguay
100%
V Venezeula
100%
S Suriname
95%
C Chile
90%
FG French Guyana
50%
No matching quizzes found
Score Distribution
Percent of People with Each Score
Percentile by Number Answered
Your Score History
You have not taken this quiz